00305nam a2200133Ia 4500003000400000005001700004008004000021040000700061041000800068082001200076100001700088245002600105260004000131OSt20220913144003.0210210b1939 xxu||||| |||| 00| 0 eng d cAL aeng a822/572 aHUDSON (W H) aFar away and long ago aLondonbJ M Dent and Sons Ltdc1939